000 00381nam a2200145Ia 4500
008 210210b1984 xxu||||| |||| 00| 0 eng d
082 _a423.1 MCLN
100 _aMCLEOD (William T), Ed.
245 _aNew Collins theasurus.
260 _aLondon
_bCollins Sons & Co. Ltd.,
_c1984
300 _aviii,759
650 _aNerw Collins Thesaurus
690 _aThesaurus
906 _a037994
999 _c88242
_d88242